00908nam a2200229 i 450000100060000000300090000600500170001500700030003200800410003510000290007624501580010526000320026330000220029549000380031760000400035570000490039570000270044483000460047185200220051799900170053995201220055646802ES-MaACL20251009181317.0t|030401s1969 sp |||| | spa d1 aConnolly, Eileen.94020510aLeopoldo Panero b: la poesía de la esperanza / cEileen Connolly ; con un prólogo de José Antonio Maravall ; [versión española, José Vidal]. aMadrid : bGredos, c[1969] a236 p. ; c19 cm.1 aBiblioteca románica hispánica14aPanero, Leopoldo,d1909-19629887661 aMaravall, José Antonio, d1911-19869763291 aVidal, José.91144380 aBiblioteca románica hispánica9180746 aES-MaACLjC-39921 c46802d46802 00104070aATENEOMbATENEOMcDEPO2d2008-01-17eSCl0oC-39921p1049225r2023-02-23 00:00:00w2023-02-23yMONOGRAFIA